000 00336 a2200157 4500
001 154297
040 _cEscola São Tomás de Aquino
100 _aPRIETO, Heloisa
240 1 0 _aPelo e o Lobo
_lpor
245 1 0 _aPelo e o Lobo
300 _a30
362 0 _a2013
440 1 _aÁtica
697 _a*LITERATURA INFANTO
942 _cBK
999 _c154297
_d154297